000
00272nam a22001217a 4500
020
_a
978-0-415-53988-3
082
_a
332.4
100
_a
Peacock, Mark
245
_a
Introducing Money
260
_a
New York:
_b
Routledge,
_c
2013
300
_a
xii, 212p.: 23cm
942
_c
BK
999
_c
22172
_d
22172